Gran atlas Aguilar

محفوظ في:
التفاصيل البيبلوغرافية
التنسيق: كتاب
اللغة:الإسبانية
منشور في: Madrid Aguilar 1969
سلاسل:Summa cartographica
الموضوعات:
الوسوم: إضافة وسم
لا توجد وسوم, كن أول من يضع وسما على هذه التسجيلة!

MARC

LEADER 00000nam a2200000 a 4500
001 UCV9195
003 CL-VaPUC
008 920708e19690000SP |||||||||||||||||spa|d
082 0 4 |a 912  |b GRA  |2 21 
245 1 0 |a Gran atlas Aguilar 
300 |a 3 v 
942 |c BK 
945 |d 19920708 00:00:00  |a oaravena 
260 |a Madrid  |b Aguilar  |c 1969 
500 |a v.1: Europa, Norte de Asia 
500 |a v.2: Sur de Asia, Africa, Oceanía, América. Mapas generales, mapas temáticos 
500 |a v.3: Indice de topónimos, sistemas de transcripción, abreviaturas usadas en los mapas, relación de términos geográficos 
650 0 |a Atlas   |9 260843 
583 |a last modification  |c 19920708 00:00:00  |k Rodrigo Vera 
490 0 |a Summa cartographica 
999 |c 214570  |d 214568 
952 |0 0  |1 0  |4 0  |6 912_000000000000000_GRA_1969  |7 0  |8 F  |9 198097  |a BIBARQ  |b BIBARQ  |d 2019-11-14  |h v.1  |i 265668K  |o 912 GRA 1969  |p 265668K  |r 2025-01-20  |w 2019-11-14  |y BK_F  |k ARQ 
952 |0 0  |1 0  |4 0  |6 912_000000000000000_GRA_1969  |7 0  |8 F  |9 198098  |a BIBARQ  |b BIBARQ  |d 2019-11-14  |h v.2  |i 2656698  |o 912 GRA 1969  |p 2656698  |r 2025-01-20  |w 2019-11-14  |y BK_F  |k ARQ 
952 |0 0  |1 0  |4 0  |6 912_000000000000000_GRA_1969  |7 0  |8 F  |9 198099  |a BIBARQ  |b BIBARQ  |d 2019-11-14  |h v.3  |i 2656701  |o 912 GRA 1969  |p 2656701  |r 2025-01-20  |w 2019-11-14  |y BK_F  |k ARQ 
952 |0 0  |1 0  |2 ddc  |4 0  |6 912_000000000000000_GRA_1969  |7 0  |8 X  |9 198103  |a BIBART  |b BIBART  |d 2019-11-14  |h v.1  |i 120713K  |o 912 GRA 1969  |p 120713K  |r 2025-03-13  |w 2019-11-14  |y BK_X  |k ART 
952 |0 0  |1 0  |2 ddc  |4 0  |6 912_000000000000000_GRA_1969  |7 0  |8 X  |9 198104  |a BIBART  |b BIBART  |d 2019-11-14  |h v.2  |i 1207148  |o 912 GRA 1969  |p 1207148  |r 2025-03-13  |w 2019-11-14  |y BK_X  |k ART 
952 |0 0  |1 0  |2 ddc  |4 0  |6 912_000000000000000_GRA_1969  |7 0  |8 X  |9 198105  |a BIBART  |b BIBART  |d 2019-11-14  |h v.3  |i 1207156  |o 912 GRA 1969  |p 1207156  |r 2025-03-13  |w 2019-11-14  |y BK_X  |k ART